Planning major projects: a need for change (Record no. 69728)
[ view plain ]
| 000 -LEADER | |
|---|---|
| fixed length control field | 01005cam a2200217 4500 |
| 001 - CONTROL NUMBER | |
| control field | ABS65149 |
| 008 - FIXED-LENGTH DATA ELEMENTS--GENERAL INFORMATION | |
| fixed length control field | 020307n2002 000 0 eng u |
| 035 ## - SYSTEM CONTROL NUMBER | |
| System control number | (Sirsi) u117039 |
| 100 ## - MAIN ENTRY--PERSONAL NAME | |
| Personal name | Williams, C. |
| 245 ## - TITLE STATEMENT | |
| Title | Planning major projects: a need for change |
| 260 ## - PUBLICATION, DISTRIBUTION, ETC. | |
| Date of publication, distribution, etc. | 2002 |
| 490 ## - SERIES STATEMENT | |
| Series statement | Facilities Management |
| Volume/sequential designation | 9(5) February 2002, 24-25(2) |
| 520 ## - SUMMARY, ETC. | |
| Summary, etc. | Investigates whether the planning green paper will prevent the sort of delay which beset Terminal Five development. Main points of the green paper deal with the need for clear statements of national policy, set in place before a major planning inquiry begins, and the possibility of separating the approval of a project in principle from the consideration of local impacts.The paper maintains the right to be involved in comment and public debate. |
| 590 ## - LOCAL NOTE (RLIN) | |
| Local note | ABS |
| 650 ## - SUBJECT ADDED ENTRY--TOPICAL TERM | |
| Topical term or geographic name entry element | TERMINAL 5 |
| 650 ## - SUBJECT ADDED ENTRY--TOPICAL TERM | |
| Topical term or geographic name entry element | GREEN PAPER |
| 650 ## - SUBJECT ADDED ENTRY--TOPICAL TERM | |
| Topical term or geographic name entry element | INQUIRIES |
| 650 ## - SUBJECT ADDED ENTRY--TOPICAL TERM | |
| Topical term or geographic name entry element | PLANNING INQUIRIES |
| 690 ## - LOCAL SUBJECT ADDED ENTRY--TOPICAL TERM (OCLC, RLIN) | |
| Topical term or geographic name as entry element | MANAGEMENT-FACILITIES MANAGEMENT |
| 942 ## - ADDED ENTRY ELEMENTS (KOHA) | |
| Suppress in OPAC | 0 |
| Withdrawn status | Lost status | Source of classification or shelving scheme | Damaged status | Not for loan | Home library | Current library | Shelving location | Date acquired | Total Checkouts | Full call number | Barcode | Date last seen | Copy number | Price effective from | Koha item type |
|---|---|---|---|---|---|---|---|---|---|---|---|---|---|---|---|
| Dewey Decimal Classification | London | London | Journal article | 07/03/2002 | ABS65149 | 117039-1001 | 06/08/2019 | 1 | 06/08/2019 | Journal article |